| 000 | 00527nam a2200205 a 4500 | ||
|---|---|---|---|
| 001 | 0000-9160 | ||
| 003 | ELIB.Books | ||
| 008 | 110520 1966 | ||
| 035 | _a(ELIB.Books)0000-9312 | ||
| 082 |
_a28.5 _bHun |
||
| 100 | _aHunt, Irene | ||
| 245 | _aUp A Road Slowly | ||
| 260 |
_bChicago: Follett Publishing Company _c1966 |
||
| 650 | _aYoung Readers | ||
| 856 |
_nK.B.T.S Library _uK.B.T.S Library ELIB. |
||
| 942 |
_2ddc _cBK |
||
| 990 | _a1 | ||
| 998 |
_cbat _e2011-05-20 |
||
| 999 |
_c9160 _d9160 |
||